<?xml version="1.0" encoding="UTF-8"?>
<record
    xmlns:xsi="http://www.w3.org/2001/XMLSchema-instance"
    xsi:schemaLocation="http://www.loc.gov/MARC21/slim http://www.loc.gov/standards/marcxml/schema/MARC21slim.xsd"
    xmlns="http://www.loc.gov/MARC21/slim">

  <leader>02793nab a2200265uuc4500</leader>
  <controlfield tag="001">1281161</controlfield>
  <controlfield tag="005">20240202105327.0</controlfield>
  <controlfield tag="008">120502e20110901                    spa  </controlfield>
  <datafield tag="035" ind1=" " ind2=" ">
    <subfield code="a">1281161</subfield>
  </datafield>
  <datafield tag="035" ind1=" " ind2=" ">
    <subfield code="a">(OCoLC)820637673</subfield>
  </datafield>
  <datafield tag="040" ind1=" " ind2=" ">
    <subfield code="c">comduadb</subfield>
  </datafield>
  <datafield tag="041" ind1=" " ind2=" ">
    <subfield code="a">spa</subfield>
  </datafield>
  <datafield tag="100" ind1="1" ind2="0">
    <subfield code="a">Rinc&#xF3;n Caballero, Olga Luc&#xED;a</subfield>
    <subfield code="4">aut</subfield>
    <subfield code="e">aut</subfield>
    <subfield code="9">577464</subfield>
  </datafield>
  <datafield tag="245" ind1="1" ind2="0">
    <subfield code="a">Concordancia entre la determinaci&#xF3;n de anticuerpos antinucleares por inmunofluorescencia e inmunoensayo lineal</subfield>
  </datafield>
  <datafield tag="520" ind1="3" ind2=" ">
    <subfield code="a">Introducci&#xF3;n: la inmunofluorescencia indirecta (IFI) sobre c&#xE9;lulas Hep-2 es la prueba usada para la tamizaci&#xF3;n de autoanticuerpos en enfermedades del tejido conectivo, en tanto que el perfil de anticuerpos espec&#xED;ficos se puede detectar por m&#xE9;todos inmunom&#xE9;tricos como el inmunoensayo lineal en soporte s&#xF3;lido (LIA). Objetivos: 1) evaluar el desempe&#xF1;o de un LIA comercial en el suero de pacientes, y compararlo con la determinaci&#xF3;n de anticuerpos antinucleares por IFI; 2) describir el perfil de los autoanticuerpos detectados por las dos pruebas; y 3) conocer la frecuencia de los diferentes autoanticuerpos en los pacientes evaluados. Materiales y m&#xE9;todos: se incluyeron 72 pacientes consecutivos, con sospecha de enfermedad autoinmune, que consultaron en el Hospital Pablo Tob&#xF3;n Uribe en Medell&#xED;n, Colombia. Las muestras fueron procesadas por IFI y por LIA. Resultados: el patr&#xF3;n homog&#xE9;neo y el moteado fueron los m&#xE1;s frecuentes en estos pacientes. Los anticuerpos espec&#xED;ficos que prevalecieron fueron los anti-histonas, anti-nucleosomas y anti-dsDNA; estos hallazgos eran esperables pues son los anticuerpos que se asocian al patr&#xF3;n homog&#xE9;neo, que fue el m&#xE1;s prevalente. Se encontr&#xF3; una concordancia del 68,05% entre los resultados por ambos m&#xE9;todos. Conclusiones: la baja concordancia entre las dos pruebas, menor que la reportada en la literatura (90%), pudo ser el resultado de la baja probabilidad pre-test de los pacientes incluidos en el estudio. Entre las ventajas del LIA se encuentra que acorta el tiempo del diagn&#xF3;stico y del inicio del tratamiento, su mayor sensibilidad y especificidad, y la posibilidad de identificar los anticuerpos espec&#xED;ficos de manera individual, adem&#xE1;s de detectar anticuerpos extra&#xED;bles que no son identificados por IFI.</subfield>
  </datafield>
  <datafield tag="650" ind1=" " ind2=" ">
    <subfield code="a">Anticuerpos antinucleares</subfield>
    <subfield code="9">19914</subfield>
  </datafield>
  <datafield tag="650" ind1=" " ind2="7">
    <subfield code="a">Enfermedades autoinmunes</subfield>
    <subfield code="2">dcs</subfield>
    <subfield code="9">21744</subfield>
  </datafield>
  <datafield tag="650" ind1=" " ind2=" ">
    <subfield code="a">Inmunofluorescencia</subfield>
    <subfield code="9">21559</subfield>
  </datafield>
  <datafield tag="650" ind1=" " ind2=" ">
    <subfield code="a">Inmunoensayo</subfield>
    <subfield code="9">31699</subfield>
  </datafield>
  <datafield tag="700" ind1="1" ind2="0">
    <subfield code="a">Aristiz&#xE1;bal Bernal, Beatriz Helena</subfield>
    <subfield code="4">aut</subfield>
    <subfield code="e">aut</subfield>
    <subfield code="9">302139</subfield>
  </datafield>
  <datafield tag="700" ind1="1" ind2="0">
    <subfield code="a">Quintero, Julio C&#xE9;sar</subfield>
    <subfield code="4">aut</subfield>
    <subfield code="e">aut</subfield>
    <subfield code="9">670733</subfield>
  </datafield>
  <datafield tag="700" ind1="1" ind2="0">
    <subfield code="a">Benitez, Claudia Patricia</subfield>
    <subfield code="4">aut</subfield>
    <subfield code="e">aut</subfield>
    <subfield code="9">643768</subfield>
  </datafield>
  <datafield tag="773" ind1="0" ind2=" ">
    <subfield code="t">Medicina y Laboratorio (Medell&#xED;n)</subfield>
    <subfield code="g">Volumen 17, N&#xFA;mero 09-10, Septiembre-Octubre 2011, p. 429-443</subfield>
    <subfield code="w">414490</subfield>
    <subfield code="x">0123-2576</subfield>
    <subfield code="0">115970</subfield>
  </datafield>
  <datafield tag="942" ind1=" " ind2=" ">
    <subfield code="c">ARIMP</subfield>
  </datafield>
  <datafield tag="999" ind1=" " ind2=" ">
    <subfield code="c">622271</subfield>
    <subfield code="d">622271</subfield>
  </datafield>
</record>
